Katalóg zmien realizovaných pomocou aspektovo-orientovaného programovania

Salvato in:
Dettagli Bibliografici
Autore principale: Zdechovan, Ján, 1985- (Autore)
Altri autori: Vranić, Valentino, 1974- (Relatore della tesi)
Natura: Manoscritto Libro
Lingua:slovacco
Pubblicazione: STU v Bratislave FIIT, 2009
Soggetti:
Tags: Aggiungi Tag
Nessun Tag, puoi essere il primo ad aggiungerne!!

MARC

LEADER 00000ntm a22000003a 4500
001 stu199792
005 20180221132105.2
008 100216s2009----xo------------------slo-d
040 |a STU  |b slo 
041 0 |a slo 
044 |a xo 
100 1 |a Zdechovan, Ján,  |d 1985-  |4 aut  |u I200  |U FIIT Fakulta informatiky a informačných technológií  |T FIIT Ústav informatiky a softvérového inžinierstva  |X 17014  |U I200  |Y 179  |7 A000017014 
245 1 |a Katalóg zmien realizovaných pomocou aspektovo-orientovaného programovania 
260 |b STU v Bratislave FIIT,  |c 2009 
300 |a 44 s  |c príl. 
650 7 |a informatika  |2 stusub 
700 1 |a Vranić, Valentino,  |d 1974-  |4 ths  |u E220  |U FEI Fakulta elektrotechniky a informatiky  |T FEI Katedra informatiky a výpočtovej techniky  |X 4235  |U E220  |Y 69  |7 4235 
996 |c I*BAP211/09  |l II680  |s P  |a 0  |w stu199792_0001